El pensamiento geográfico: estudio interpretativo y antología de textos de Humboldt a las tendencias radicales

Saved in:
Bibliografiske detaljer
Hovedforfatter: Gómez Mendoza, Josefina (Author)
Andre forfattere: Muñoz Jiménez, Julio (autor), Ortega Cantero, Nicolás (autor)
Format: Bog
Sprog:spansk
Udgivet: Madrid Alianza 1982
Fag:
Tags: Tilføj Tag
Ingen Tags, Vær først til at tagge denne postø!

MARC

LEADER 00000nam a2200000 a 4500
001 UCX1097
003 CL-VaPUC
008 900605e19820000SP |||||||||||||||||spa|d
082 0 4 |a 910.01  |b GOM  |2 21 
100 |a Gómez Mendoza, Josefina  |e author  |9 462600 
700 |a Muñoz Jiménez, Julio  |e autor  |9 503198 
700 |a Ortega Cantero, Nicolás  |e autor  |9 462602 
245 1 3 |a El pensamiento geográfico: estudio interpretativo y antología de textos de Humboldt a las tendencias radicales 
300 |a 530 p 
942 |c BK 
945 |d 19900605 00:00:00 
260 |a Madrid  |b Alianza  |c 1982 
650 0 |a Filosofía de las ciencias sociales  |9 268057 
650 0 |a Geografía  |9 259346 
583 |a last modification  |c 20121001 10:30:02  |k Rodrigo Vera 
999 |c 222423  |d 222421 
952 |0 0  |1 0  |4 0  |6 910_010000000000000_GOM_1982  |7 0  |8 A  |9 217126  |a BIBING  |b BIBING  |d 2019-11-15  |i 2860902  |o 910.01 GOM 1982  |p 2860902  |r 2025-01-20  |w 2019-11-15  |y BK  |k GEO 
952 |0 0  |1 0  |4 0  |6 910_010000000000000_GOM_1982  |7 0  |8 A  |9 217127  |a BIBING  |b BIBING  |d 2019-11-15  |i 2860910  |o 910.01 GOM 1982  |p 2860910  |r 2025-01-20  |w 2019-11-15  |y BK  |k GEO